[Event "Aeroflot Open 2012 A"]
[Site "Moscow"]
[Date "2012.02.15"]
[Round "9"]
[White "Balogh, Csaba"]
[Black "Ponkratov, Pavel"]
[Result "1-0"]
[WhiteElo "2665"]
[BlackElo "2611"]
[PlyCount "51"]
[EventDate "2012.02.07"]
[EventType "swiss"]
[EventRounds "9"]
[EventCountry "RUS"]

1. e4 e5 2. Nf3 Nc6 3. Bb5 f5 4. Nc3 fxe4 5. Nxe4 Nge7 6. d4 d5 7. Nc3 e4 8.
Ne5 g6 9. f3 Bg7 10. O-O O-O 11. fxe4 Rxf1+ 12. Bxf1 Nxe5 13. dxe5 Bxe5 14.
Nxd5 Qd6 15. Bf4 Bxf4 16. Nxf4 Qxf4 17. Qd8+ Qf8 18. Bc4+ Kg7 19. Qxc7 Kh6 20.
Rf1 Qg7 21. c3 Nf5 22. Qc5 b6 23. Qd5 Ne7 24. Qxa8 Qe5 25. Bd5 Qg5 26. Qb8 1-0

[Event "Aeroflot Open 2012 A"]
[Site "Moscow"]
[Date "2012.02.15"]
[Round "9"]
[White "Nisipeanu, Liviu-Dieter"]
[Black "Grigoriants, Sergey"]
[Result "1/2-1/2"]
[WhiteElo "2647"]
[BlackElo "2570"]
[PlyCount "87"]
[EventDate "2012.02.07"]
[EventType "swiss"]
[EventRounds "9"]
[EventCountry "RUS"]

1. d4 Nf6 2. c4 e6 3. Nc3 Bb4 4. e3 O-O 5. Bd3 c5 6. Nf3 d5 7. O-O Nc6 8. cxd5
exd5 9. dxc5 Bxc5 10. h3 Qe7 11. b3 Rd8 12. Bb2 Ne4 13. Rc1 Bf5 14. Ne2 Rac8
15. Bb1 Bg6 16. Nf4 Ba3 17. Bxa3 Qxa3 18. Nd4 Qb2 19. Nxc6 bxc6 20. Bxe4 Bxe4
21. Qd4 Qxd4 22. exd4 g5 23. Ne2 Re8 24. Rfe1 Kf8 25. Nc3 Bf5 26. Na4 Rxe1+ 27.
Rxe1 Re8 28. Rxe8+ Kxe8 29. g4 Bb1 30. a3 Bc2 31. Nc5 Ke7 32. Kg2 f5 33. f4 h6
34. Kg3 fxg4 35. Kxg4 Kf6 36. Nd7+ Ke6 37. Nc5+ Kf6 38. fxg5+ hxg5 39. Nd7+ Ke6
40. Nc5+ Kf6 41. Nd7+ Ke6 42. Ne5 Kf6 43. Nxc6 Bxb3 44. Nxa7 1/2-1/2

[Event "Aeroflot Open 2012 A"]
[Site "Moscow"]
[Date "2012.02.15"]
[Round "9"]
[White "Dubov, Daniil"]
[Black "Khairullin, Ildar"]
[Result "1/2-1/2"]
[WhiteElo "2498"]
[BlackElo "2638"]
[PlyCount "31"]
[EventDate "2012.02.07"]
[EventType "swiss"]
[EventRounds "9"]
[EventCountry "RUS"]

1. Nf3 d5 2. d4 Nf6 3. c4 c6 4. Nc3 dxc4 5. a4 e6 6. e3 c5 7. Bxc4 Nc6 8. O-O
cxd4 9. exd4 Be7 10. Qe2 O-O 11. Rd1 Nd5 12. Qe4 Nf6 13. Qe2 Nd5 14. Qe4 Nf6
15. Qh4 Nb4 16. Bg5 1/2-1/2

[Event "Aeroflot Open 2012 A"]
[Site "Moscow"]
[Date "2012.02.15"]
[Round "9"]
[White "Robson, Ray"]
[Black "Mamedov, Rauf"]
[Result "1/2-1/2"]
[WhiteElo "2596"]
[BlackElo "2636"]
[PlyCount "121"]
[EventDate "2012.02.07"]
[EventType "swiss"]
[EventRounds "9"]
[EventCountry "RUS"]

1. e4 c5 2. Nf3 Nc6 3. Bb5 d6 4. O-O Bd7 5. Re1 g6 6. Bxc6 Bxc6 7. d4 cxd4 8.
Nxd4 Bg7 9. Nc3 Nf6 10. Bf4 Nd7 11. Nxc6 bxc6 12. Qd2 Rb8 13. Bh6 O-O 14. Bxg7
Kxg7 15. b3 Qa5 16. Rad1 Rfd8 17. f4 Nf6 18. Kh1 Qb4 19. Qe3 h5 20. h3 h4 21.
Rd4 Qc5 22. Na4 Qa5 23. c4 e5 24. Rdd1 exf4 25. Qxf4 Qe5 26. Qxe5 dxe5 27. Nc5
Kf8 28. Kg1 Ke7 29. Nd3 Nd7 30. Kf2 a5 31. Kf3 f6 32. Ke3 Ra8 33. Rd2 Nf8 34.
Nc5 Rxd2 35. Kxd2 Kd6 36. Nb7+ Kc7 37. Nc5 Kd6 38. Nb7+ Ke7 39. Nc5 Ne6 40.
Nxe6 Kxe6 41. Kc3 f5 42. Rd1 fxe4 43. c5 Kf5 44. Rd6 Rc8 45. Kd2 g5 46. Ke3 a4
47. b4 a3 48. Rh6 Rb8 49. Rxc6 Rxb4 50. Rc8 Ke6 51. c6 Kd6 52. c7 Rb2 53. Ra8
Kxc7 54. Rxa3 Rxg2 55. Kxe4 g4 56. hxg4 Rxg4+ 57. Kxe5 Rg3 58. Ra4 h3 59. Rh4
Ra3 60. Rh6 Rxa2 61. Rxh3 1/2-1/2

[Event "Aeroflot Open 2012 A"]
[Site "Moscow"]
[Date "2012.02.15"]
[Round "9"]
[White "Salgado Lopez, Ivan"]
[Black "Jumabayev, Rinat"]
[Result "1-0"]
[WhiteElo "2618"]
[BlackElo "2573"]
[PlyCount "89"]
[EventDate "2012.02.07"]
[EventType "swiss"]
[EventRounds "9"]
[EventCountry "RUS"]

1. Nf3 d5 2. d4 Nf6 3. c4 e6 4. Nc3 c6 5. Bg5 h6 6. Bh4 dxc4 7. e4 g5 8. Bg3 b5
9. Be2 Bb7 10. Qc2 Nbd7 11. Rd1 Qb6 12. Ne5 Nxe5 13. Bxe5 Be7 14. b3 cxb3 15.
axb3 Rd8 16. h4 g4 17. O-O a6 18. Qc1 Rg8 19. Qf4 Nd7 20. Bxg4 Nxe5 21. dxe5
Qc5 22. Bh5 Rf8 23. Ne2 Rd7 24. b4 Qxb4 25. Qxh6 Kd8 26. Bxf7 Rxd1 27. Rxd1+
Kc7 28. Bxe6 Bc5 29. Bf5 Qb2 30. Qh5 Kb6 31. Qf3 Bc8 32. Nf4 a5 33. e6 a4 34.
Nd3 Qd4 35. Nxc5 Qxc5 36. Qg3 a3 37. h5 b4 38. h6 Ba6 39. h7 Be2 40. Re1 a2 41.
Qg7 Qc3 42. Qxc3 bxc3 43. e7 Ra8 44. Ra1 Bh5 45. e5 1-0

[Event "Aeroflot Open 2012 A"]
[Site "Moscow"]
[Date "2012.02.15"]
[Round "9"]
[White "Sethuraman, S.P."]
[Black "Le, Quang Liem"]
[Result "1/2-1/2"]
[WhiteElo "2529"]
[BlackElo "2714"]
[PlyCount "93"]
[EventDate "2012.02.07"]
[EventType "swiss"]
[EventRounds "9"]
[EventCountry "RUS"]

1. d4 Nf6 2. c4 g6 3. g3 Bg7 4. Bg2 d5 5. cxd5 Nxd5 6. Nf3 Nb6 7. Nc3 Nc6 8. e3
O-O 9. O-O Re8 10. Re1 a5 11. Qe2 e5 12. dxe5 Nxe5 13. Nxe5 Bxe5 14. e4 Be6 15.
f4 Bxc3 16. bxc3 Bd5 17. Qf2 Bc6 18. Ba3 Nc4 19. Rad1 Qf6 20. Bc5 Rad8 21. Bd4
Qe6 22. f5 Qd6 23. Qf4 Qxf4 24. gxf4 Ba4 25. Rb1 b6 26. f6 Na3 27. Rb2 Nc4 28.
Rbb1 c5 29. Bf2 Bc6 30. Red1 h6 31. e5 Bxg2 32. Kxg2 a4 33. h4 a3 34. Kh3 h5
35. Bg3 Kf8 36. f5 Rxd1 37. Rxd1 Ne3 38. Rd7 Nxf5 39. Bf4 Kg8 40. Ra7 Rd8 41.
Rxa3 Kf8 42. Bg5 Ke8 43. e6 Rd3+ 44. Kh2 fxe6 45. Ra8+ Kf7 46. Ra7+ Kf8 47.
Ra8+ 1/2-1/2

[Event "Aeroflot Open 2012 A"]
[Site "Moscow"]
[Date "2012.02.15"]
[Round "9"]
[White "Gopal G.N."]
[Black "Negi, Parimarjan"]
[Result "1/2-1/2"]
[WhiteElo "2566"]
[BlackElo "2641"]
[PlyCount "64"]
[EventDate "2012.02.07"]
[EventType "swiss"]
[EventRounds "9"]
[EventCountry "RUS"]

1. e4 e5 2. Nf3 Nc6 3. Bb5 a6 4. Ba4 Nf6 5. d3 d6 6. c3 g6 7. Nbd2 Bg7 8. O-O
O-O 9. h3 b5 10. Bc2 Re8 11. Re1 d5 12. a4 Rb8 13. b4 d4 14. cxd4 exd4 15. Rb1
Bf8 16. axb5 axb5 17. Nb3 Rb6 18. Bg5 Qd6 19. Qd2 Nh5 20. Nc5 Nxb4 21. Rxb4
Qxc5 22. Rxd4 Qa3 23. Rb1 Be6 24. Qd1 Qa8 25. Bb3 Ng7 26. Be3 Rb7 27. Rc1 c5
28. Rd5 c4 29. dxc4 Bxd5 30. cxd5 Rxe4 31. d6 Rd7 32. Ng5 Rc4 1/2-1/2

[Event "Aeroflot Open 2012 A"]
[Site "Moscow"]
[Date "2012.02.15"]
[Round "9"]
[White "Ju, Wenjun"]
[Black "Guseinov, Gadir"]
[Result "1/2-1/2"]
[WhiteElo "2552"]
[BlackElo "2634"]
[PlyCount "38"]
[EventDate "2012.02.07"]
[EventType "swiss"]
[EventRounds "9"]
[EventCountry "RUS"]

1. d4 Nf6 2. c4 g6 3. g3 Bg7 4. Bg2 c5 5. d5 O-O 6. Nc3 d6 7. Nf3 e6 8. O-O
exd5 9. cxd5 Re8 10. a4 Ne4 11. Nxe4 Rxe4 12. Nd2 Rb4 13. Qc2 Nd7 14. Rb1 Qe7
15. Re1 b5 16. axb5 Nb6 17. b3 Bb7 18. Ba3 Rxb5 19. e4 Ra5 1/2-1/2

[Event "Aeroflot Open 2012 A"]
[Site "Moscow"]
[Date "2012.02.15"]
[Round "9"]
[White "Yu, Yangyi"]
[Black "Ghaem Maghami, Ehsan"]
[Result "1/2-1/2"]
[WhiteElo "2631"]
[BlackElo "2570"]
[PlyCount "25"]
[EventDate "2012.02.07"]
[EventType "swiss"]
[EventRounds "9"]
[EventCountry "RUS"]

1. e4 c6 2. d4 d5 3. e5 Bf5 4. c4 e6 5. Nc3 Nd7 6. Nf3 Ne7 7. h3 a6 8. a3 h6 9.
Bd3 dxc4 10. Bxc4 c5 11. Bf4 Nb6 12. Ba2 Ned5 13. Bg3 1/2-1/2

[Event "Aeroflot Open 2012 A"]
[Site "Moscow"]
[Date "2012.02.15"]
[Round "9"]
[White "Sandipan, Chanda"]
[Black "Alsina Leal, Daniel"]
[Result "1/2-1/2"]
[WhiteElo "2628"]
[BlackElo "2535"]
[PlyCount "153"]
[EventDate "2012.02.07"]
[EventType "swiss"]
[EventRounds "9"]
[EventCountry "RUS"]

1. d4 Nf6 2. Nf3 g6 3. Nbd2 d5 4. e3 Bg7 5. b4 O-O 6. Be2 Ne4 7. Bb2 Qd6 8. a3
Nxd2 9. Qxd2 Nd7 10. O-O e5 11. dxe5 Nxe5 12. Bxe5 Bxe5 13. Rad1 c6 14. c4 Rd8
15. cxd5 cxd5 16. Nxe5 Qxe5 17. Qd4 Qxd4 18. Rxd4 Be6 19. Rfd1 Rdc8 20. Bf3 Rc3
21. Bxd5 Bxd5 22. Rxd5 Rxa3 23. g3 Rb3 24. R1d4 b6 25. Rd7 a5 26. bxa5 bxa5 27.
Rf4 Rf8 28. g4 Rb5 29. h4 g5 30. hxg5 Rxg5 31. Kf1 h5 32. gxh5 Rxh5 33. Rg4+
Kh7 34. Ra7 Kh6 35. Ra6+ Kh7 36. Rf6 Rh6 37. Rf5 Rg6 38. Rgf4 Kg7 39. Rxa5 Rb8
40. Raf5 Rb7 41. Ke2 Ra7 42. Kf3 Rb7 43. Rh4 Rf6 44. Rg4+ Rg6 45. Rgf4 Ra7 46.
Rh4 Rf6 47. Rg4+ Rg6 48. Rgf4 Rb7 49. e4 Ra7 50. Rh4 Rf6 51. Rh7+ Kxh7 52. Rxf6
Kg7 53. e5 Ra3+ 54. Kg4 Ra4+ 55. f4 Ra5 56. Rd6 Ra4 57. Kf5 Rb4 58. Rd7 Rb5 59.
Ke4 Kf8 60. f5 Ke8 61. Ra7 Rb1 62. Ra8+ Ke7 63. f6+ Kd7 64. Rf8 Re1+ 65. Kf5
Rf1+ 66. Kg5 Rg1+ 67. Kh6 Ke6 68. Re8+ Kf5 69. Kh7 Rg2 70. Re7 Rg5 71. Re8 Rg1
72. Rg8 Ra1 73. Re8 Rg1 74. Kh8 Rg2 75. Re7 Rg6 76. Kh7 Rg5 77. Re8 1/2-1/2

[Event "Aeroflot Open 2012 A"]
[Site "Moscow"]
[Date "2012.02.15"]
[Round "9"]
[White "Gundavaa, Bayarsaikhan"]
[Black "Solak, Dragan"]
[Result "1/2-1/2"]
[WhiteElo "2493"]
[BlackElo "2613"]
[PlyCount "107"]
[EventDate "2012.02.07"]
[EventType "swiss"]
[EventRounds "9"]
[EventCountry "RUS"]

1. d4 d5 2. c4 c6 3. Nf3 Nf6 4. Qc2 dxc4 5. Qxc4 Bf5 6. g3 e6 7. Bg2 Nbd7 8.
O-O Be7 9. e3 O-O 10. Rd1 Qa5 11. Bd2 Qb6 12. b4 Ne4 13. Be1 Rfd8 14. a3 Qc7
15. Qe2 e5 16. dxe5 Nxe5 17. Nd4 Nd6 18. Nc3 Bg4 19. f3 Bd7 20. e4 Bf6 21. h3
Nec4 22. f4 Bxd4+ 23. Rxd4 b5 24. a4 a6 25. Rad1 Be8 26. Bf2 f6 27. e5 fxe5 28.
fxe5 Nf5 29. Rxd8 Rxd8 30. Rxd8 Qxd8 31. a5 Qe7 32. Bc5 Qxe5 33. Qxe5 Nxe5 34.
Ne4 h5 35. Kf2 Bf7 36. Bf1 Bc4 37. Bxc4+ bxc4 38. Ke2 Kf7 39. g4 hxg4 40. hxg4
Nxg4 41. Bg1 Ne5 42. Nc5 c3 43. Kd1 Nf3 44. Bf2 g5 45. Nxa6 g4 46. Nc5 g3 47.
Bxg3 Nxg3 48. a6 c2+ 49. Kxc2 Nd4+ 50. Kd3 Nb5 51. Nb3 Nc7 52. Nd4 Nxa6 53.
Nxc6 Nxb4+ 54. Nxb4 1/2-1/2

[Event "Aeroflot Open 2012 A"]
[Site "Moscow"]
[Date "2012.02.15"]
[Round "9"]
[White "Vidit, Santosh Gujrathi"]
[Black "Ipatov, Alexander"]
[Result "1/2-1/2"]
[WhiteElo "2513"]
[BlackElo "2586"]
[PlyCount "109"]
[EventDate "2012.02.07"]
[EventType "swiss"]
[EventRounds "9"]
[EventCountry "RUS"]

1. d4 d5 2. c4 c6 3. Nc3 Nf6 4. e3 Bf5 5. cxd5 Nxd5 6. Nge2 Bg6 7. e4 Nxc3 8.
Nxc3 e6 9. Be3 Nd7 10. Be2 Bb4 11. f3 O-O 12. O-O Ba5 13. Qb3 Qb6 14. Bc4 Rfe8
15. Rfd1 Rad8 16. Rac1 a6 17. Qc2 Qa7 18. Qf2 Qb8 19. Bb3 Kh8 20. Ne2 f6 21.
Kh1 Bc7 22. g4 Re7 23. h4 Rf8 24. Bd2 a5 25. Rg1 h6 26. Rg2 Bh7 27. Rd1 Bb6 28.
Qe1 Qd8 29. Nf4 Qe8 30. Bxa5 Bxa5 31. Qxa5 e5 32. Ne2 exd4 33. Nxd4 Ne5 34. Qc3
Rd7 35. h5 Qb8 36. Ne6 Rxd1+ 37. Bxd1 Re8 38. Nc5 b6 39. Nb3 c5 40. Bc2 Nc6 41.
Nc1 Rd8 42. Ne2 Qd6 43. Bb3 b5 44. a4 b4 45. Qe3 Ne5 46. Bd5 c4 47. a5 Qa6 48.
Qc5 Bg8 49. Nf4 c3 50. bxc3 Qf1+ 51. Kh2 Qxf3 52. Ng6+ Nxg6 53. hxg6 Qf4+ 54.
Kh1 b3 55. Qb6 1/2-1/2

[Event "Aeroflot Open 2012 A"]
[Site "Moscow"]
[Date "2012.02.15"]
[Round "9"]
[White "Morovic Fernandez, Ivan"]
[Black "Pap, Gyula"]
[Result "1/2-1/2"]
[WhiteElo "2582"]
[BlackElo "2533"]
[PlyCount "133"]
[EventDate "2012.02.07"]
[EventType "swiss"]
[EventRounds "9"]
[EventCountry "RUS"]

1. c4 g6 2. Nc3 Bg7 3. d4 c5 4. d5 d6 5. e4 a6 6. Nf3 Bg4 7. Be2 Nd7 8. O-O
Bxf3 9. Bxf3 Ngf6 10. a4 O-O 11. Be3 Qa5 12. Bd2 Ne8 13. Qc2 Qb6 14. Be2 Nc7
15. f4 Rae8 16. a5 Qa7 17. Bd3 b5 18. axb6 Qxb6 19. Kh1 Rb8 20. Nd1 Qb3 21.
Qxb3 Rxb3 22. Bc2 Rb7 23. Ra2 e6 24. Ba5 exd5 25. exd5 Nb6 26. Bd3 Re8 27. Re1
Rxe1+ 28. Bxe1 Bd4 29. g3 f5 30. Kg2 Kf7 31. Ba5 Nd7 32. Kf3 Ne8 33. Bd2 Nb8
34. h3 h5 35. g4 hxg4+ 36. hxg4 fxg4+ 37. Kxg4 Nf6+ 38. Kf3 Rb3 39. Bc3 Bxc3
40. Nxc3 Rb4 41. Ke3 Kg7 42. Kd2 Rb7 43. Bc2 Re7 44. Ra1 Nh5 45. Rg1 Nxf4 46.
Rg4 Rf7 47. Ke3 g5 48. Rxg5+ Kf8 49. Bf5 Ng2+ 50. Rxg2 Rxf5 51. Ne4 Nd7 52.
Nxd6 Rh5 53. Ne4 Ne5 54. b3 Rh3+ 55. Rg3 Rxg3+ 56. Nxg3 a5 57. Ne4 a4 58. bxa4
Nxc4+ 59. Ke2 Ke7 60. Nc3 Kd6 61. Kd3 Nb2+ 62. Ke4 Nc4 63. Nb5+ Kd7 64. Nc3 Kd6
65. Nb5+ Kd7 66. Na7 Kd6 67. Nb5+ 1/2-1/2

[Event "Aeroflot Open 2012 A"]
[Site "Moscow"]
[Date "2012.02.15"]
[Round "9"]
[White "Adhiban, B."]
[Black "Jankovic, Alojzije"]
[Result "1/2-1/2"]
[WhiteElo "2561"]
[BlackElo "2568"]
[PlyCount "126"]
[EventDate "2012.02.07"]
[EventType "swiss"]
[EventRounds "9"]
[EventCountry "RUS"]

1. d4 Nf6 2. c4 g6 3. Nc3 Bg7 4. e4 d6 5. f3 O-O 6. Be3 Nc6 7. Qd2 a6 8. Nge2
Bd7 9. Rc1 e6 10. Nd1 Ne7 11. Nf2 b6 12. Bh6 e5 13. Rd1 c5 14. dxe5 dxe5 15.
Nc3 Nc6 16. Bg5 Nd4 17. Nd5 Be6 18. Bd3 Bxd5 19. exd5 Qc7 20. O-O Ne8 21. Rde1
f5 22. Qd1 Nd6 23. g4 Rae8 24. gxf5 gxf5 25. Kh1 Qf7 26. Rg1 Qh5 27. Rg3 e4 28.
Bf4 Nxf3 29. Rh3 Qg6 30. Rf1 Kh8 31. Be2 Be5 32. Bxf3 exf3 33. Rg1 Qf7 34. Qxf3
Bxf4 35. Qxf4 Ne4 36. Nd3 Rg8 37. Rxg8+ Qxg8 38. Qxf5 Qg7 39. Rf3 Qd4 40. b3
Qa1+ 41. Rf1 Qd4 42. Qh5 Nd6 43. Nf4 b5 44. Qh6 Nf5 45. Ng6+ Kg8 46. Ne7+ Nxe7
47. Qe6+ Kh8 48. d6 Qg7 49. Rg1 Qc3 50. Qf7 Ng8 51. d7 Rd8 52. Rxg8+ Rxg8 53.
Qxg8+ Kxg8 54. d8=Q+ Kf7 55. Qc7+ Kf6 56. Qc6+ Kf7 57. Qc7+ Kf6 58. Qc6+ Kf7
59. Qxc5 bxc4 60. Qf5+ Kg7 61. Qg5+ Kf7 62. Qf5+ Kg7 63. Qg5+ Kf7 1/2-1/2

[Event "Aeroflot Open 2012 A"]
[Site "Moscow"]
[Date "2012.02.15"]
[Round "9"]
[White "Bukavshin, Ivan"]
[Black "Shyam, Sundar M"]
[Result "1/2-1/2"]
[WhiteElo "2517"]
[BlackElo "2462"]
[PlyCount "29"]
[EventDate "2012.02.07"]
[EventType "swiss"]
[EventRounds "9"]
[EventCountry "RUS"]

1. d4 d5 2. c4 e6 3. Nc3 Be7 4. Nf3 Nf6 5. Bg5 O-O 6. e3 h6 7. Bh4 b6 8. cxd5
Nxd5 9. Bxe7 Qxe7 10. Nxd5 exd5 11. Qb3 Be6 12. Rc1 Rc8 13. Bb5 c5 14. Qa3 Qb7
15. dxc5 1/2-1/2

[Event "Aeroflot Open 2012 A"]
[Site "Moscow"]
[Date "2012.02.15"]
[Round "9"]
[White "Shen, Yang"]
[Black "Ulibin, Mikhail"]
[Result "1/2-1/2"]
[WhiteElo "2447"]
[BlackElo "2587"]
[PlyCount "30"]
[EventDate "2012.02.07"]
[EventType "swiss"]
[EventRounds "9"]
[EventCountry "RUS"]

1. d4 e6 2. c4 f5 3. g3 Nf6 4. Bg2 c6 5. Nh3 d5 6. Qc2 Bd6 7. O-O O-O 8. Bf4
Be7 9. Nd2 Na6 10. a3 h6 11. Be5 g5 12. b4 Ng4 13. Qb3 Bd7 14. f3 Nxe5 15. dxe5
Be8 1/2-1/2

[Event "Aeroflot Open 2012 A"]
[Site "Moscow"]
[Date "2012.02.15"]
[Round "9"]
[White "Bosiocic, Marin"]
[Black "Harika, Dronavalli"]
[Result "0-1"]
[WhiteElo "2580"]
[BlackElo "2516"]
[PlyCount "46"]
[EventDate "2012.02.07"]
[EventType "swiss"]
[EventRounds "9"]
[EventCountry "RUS"]

1. d4 e6 2. c4 Nf6 3. g3 d5 4. Bg2 dxc4 5. Nf3 Nc6 6. Qa4 Bb4+ 7. Nc3 Nd5 8.
O-O O-O 9. Qc2 Be7 10. Rd1 Rb8 11. h4 h6 12. Bd2 b5 13. Qc1 Re8 14. a3 Bf8 15.
e4 b4 16. Nxd5 exd5 17. exd5 bxa3 18. bxa3 Ne7 19. Ne5 Bb7 20. Qxc4 Bxd5 21.
Bxd5 Qxd5 22. Qxc7 Nf5 23. Qc6 Rxe5 0-1

[Event "Aeroflot Open 2012 A"]
[Site "Moscow"]
[Date "2012.02.15"]
[Round "9"]
[White "Al-Modiahki, Mohamad"]
[Black "Venkatesh, M.R."]
[Result "0-1"]
[WhiteElo "2567"]
[BlackElo "2499"]
[PlyCount "118"]
[EventDate "2012.02.07"]
[EventType "swiss"]
[EventRounds "9"]
[EventCountry "RUS"]

1. e4 c5 2. Nf3 Nc6 3. Bb5 d6 4. O-O Bd7 5. Re1 Nf6 6. c3 a6 7. Bf1 Bg4 8. h3
Bxf3 9. Qxf3 g6 10. d3 Bg7 11. Be3 O-O 12. Nd2 Nd7 13. Qe2 b5 14. a3 a5 15. Nf3
b4 16. d4 bxc3 17. bxc3 a4 18. Rab1 Qa5 19. Qb5 Qc7 20. Qb7 Rfc8 21. Qxc7 Rxc7
22. Bb5 Na5 23. Nd2 Nf8 24. Bxa4 cxd4 25. cxd4 Rc3 26. Bb5 Ne6 27. Nf3 Rxa3 28.
d5 Nc5 29. e5 Nd3 30. exd6 exd6 31. Red1 Ne5 32. Nd4 Nac4 33. Bf4 Nd3 34. Bxc4
Nxf4 35. Nb5 R3a4 36. Bf1 Rd8 37. g3 Nh5 38. Rbc1 Nf6 39. Rc6 Bf8 40. Bc4 h5
41. Rd4 Nd7 42. Be2 Ra2 43. Nc3 Rb2 44. Rd1 Bg7 45. Bf1 Ne5 46. Nb5 h4 47. g4
Bf8 48. Rc3 Bh6 49. Ra1 Rd2 50. Ra4 Rxd5 51. g5 Bg7 52. f4 Nd7 53. Rc7 Nc5 54.
Raa7 Rf5 55. Bc4 d5 56. Rxc5 dxc4 57. Rac7 Rdd5 58. Na7 c3 59. Nc6 Rxc5 0-1

[Event "Aeroflot Open 2012 A"]
[Site "Moscow"]
[Date "2012.02.15"]
[Round "9"]
[White "Paikidze, Nazi"]
[Black "Cori, Jorge"]
[Result "1/2-1/2"]
[WhiteElo "2411"]
[BlackElo "2489"]
[PlyCount "60"]
[EventDate "2012.02.07"]
[EventType "swiss"]
[EventRounds "9"]
[EventCountry "RUS"]

1. d4 d5 2. c4 c6 3. Nc3 e5 4. cxd5 cxd5 5. e3 exd4 6. Qxd4 Nf6 7. Nf3 a6 8.
Be2 Nc6 9. Qd1 Bb4 10. O-O O-O 11. Qb3 Be6 12. Rd1 Qe7 13. Nd4 Na5 14. Qc2 Rac8
15. Bd2 b5 16. Qb1 Nc4 17. Bxc4 Rxc4 18. a3 Bd6 19. Nf5 Bxf5 20. Qxf5 Qe6 21.
Qf3 Be5 22. Be1 Ne4 23. Rd3 Rfc8 24. Rad1 Bxc3 25. Bxc3 Nxc3 26. bxc3 Rxc3 27.
Rxd5 Qe8 28. Qg4 g6 29. Qg5 Kg7 30. Rd6 Rc1 1/2-1/2